000 00848nam a22002537a 4500
003 UA-OsUOA
001 22090
007 ta
008 20031216b un ||||| |||| 00| 0 ukr d
100 _aСмирнова В.В.
090 _a008(091)"652"
_bС50
942 _cBK
040 _aUA-OsUOA
_brus
_cUA-OsUOA
_dUA-OsUOA
245 _aМировая художественная культура: Иран. Византия. Ислам
_bЭкспериментальное учебное пособие для учащихся старших классов школ
300 _a136 с.
955 _a0
041 _arus
080 _a008(091)"652"
020 _a5-93818-027-9
260 _aМосква
_bМеждународный союз книголюбов
_c2001
044 _aRU
650 7 _2UDC
999 _c308303
_d308303